Statistics for Countries Bordering Countries Starting With K

Click here to take the quiz!

General Stats

  • This quiz has been taken 25 times
  • The average score is 16 of 18

Answer Stats

Country% Correct
Serbia
95%
Somalia
95%
Tanzania
95%
Uganda
95%
Kyrgyzstan
91%
Russia
91%
Tajikistan
91%
Albania
86%
Montenegro
86%
North Macedonia
86%
South Sudan
86%
Turkmenistan
86%
Uzbekistan
86%
China
82%
Ethiopia
82%
Iraq
82%
Kazakhstan
82%
Saudi Arabia
82%

Score Distribution

Percentile by Number Answered

Percent of People with Each Score

Your Score History

You have not taken this quiz